Petite histoire de l'ile bourbon

Spremljeno u:
Bibliografski detalji
Glavni autor: Farchi, Jean (Autor)
Format: Knjiga
Jezik:francuski
Izdano: París Presses Universitaires de France 1937
Teme:
Oznake: Dodaj oznaku
Bez oznaka, Budi prvi tko označuje ovaj zapis!

MARC

LEADER 00000nam a2200000 a 4500
001 UCO2337
003 CL-VaPUC
008 000602e19370000FR |||||||||||||||||fre|d
082 0 4 |a 968.8  |b FAR  |2 21 
100 0 |a Farchi, Jean  |e author  |9 445420 
245 1 0 |a Petite histoire de l'ile bourbon 
300 |a 201 p 
942 |c BK 
945 |d 20000602 00:00:00  |a rherrera 
260 |a París  |b Presses Universitaires de France  |c 1937 
650 7 |a HISTORIA DE ISLA REUNION  |2 CL-VaPUC  |9 445421 
650 0 |a Historia antigua  |9 267521 
650 0 |a Gobernadores  |9 323856 
651 7 |a ISLA REUNION  |2 CL-VaPUC  |9 445422 
583 |a last modification  |c 20000602 00:00:00  |k Rodrigo Vera 
999 |c 288872  |d 288870 
952 |0 0  |1 0  |4 0  |6 968_800000000000000_FAR_1937  |7 0  |8 X  |9 336832  |a BIBHIS  |b BIBHIS  |d 2019-11-20  |i 1285319  |o 968.8 FAR 1937  |p 1285319  |r 2024-01-30  |w 2019-11-20  |y BK_X  |k HIS